000 00274nam a2200121Ia 4500
008 140130s9999 xx 000 0 und d
245 _cSnyder, Inez
_aMilk to ice cream
260 _bScholastic,
_c2003
440 _v1
521 _aGrade 1
942 _cBK
999 _c39987
_d39987